Nomeie as bandeiras - Difícil - Statistics

Estatísticas Gerais
  • Esse quiz foi jogado 705 vezes
    693 desde o último reset
  • A pontuação média é 16 de 20
Estatísticas das Respostas
Imagem Resposta % Correto
Seychelles
95%
turcomenistão
92%
Azerbaijão
90%
Lituânia
88%
São Vicente e Granadinas
86%
Lesoto
85%
Liechtenstein
85%
Vanuatu
84%
Eritreia
83%
Tuvalu
83%
Gâmbia
81%
Guiné-Bissau
81%
Ilhas Salomão
80%
Comores
78%
Guiné Equatorial
78%
Maurícia
78%
Djibouti
77%
São Cristóvão e Névis
77%
Guiné
73%
Benin
64%
Nenhum quiz correspondente encontrado
Distribuição das Pontuações
Porcentagem de Pessoas com Cada Pontuação
Percentil de Números Respondidos
Sua Pontuação Histórica
Você não jogou esse quiz desde o último reset